000 00673nam a2200241 u 4500
001 000003448
003 DO-SdBNP
005 20240412074201.0
007 ta
008 090709s2004 dr ac r 000 p spa d
040 _aDO-SdBNP
_bspa
_cBNPHU
082 4 _aRD861.44
_bA885c
_222
100 1 _aAttias Hamna, Juan José
_910747
245 1 0 _aCanto a las Marías /
_cJuan José Attias Hamna.
260 _aSanto Domingo :
_bAmigo del Hogar,
_c2004.
300 _a207 p. :
_bil, retrs. ;
_c25 cm.
490 1 _aJujotia
590 _aInventariado, 2022 / DG
650 4 _aPoesía dominicana
_966
650 0 _aLiteratura dominicana.
_967
910 _aDG
942 _2ddc
_cLBS1
999 _c3278
_d3278